Bí quyết giúp nhà nông làm giàu

Wedi'i Gadw mewn:
Manylion Llyfryddiaeth
Fformat: Llyfr
Iaith:Undetermined
Cyhoeddwyd: Tp. HCM Thanh Niên 2003
Pynciau:
Tagiau: Ychwanegu Tag
Dim Tagiau, Byddwch y cyntaf i dagio'r cofnod hwn!
Thư viện lưu trữ: Trung tâm Học liệu Trường Đại học Cần Thơ
LEADER 00515nam a2200181Ia 4500
001 CTU_58011
008 210402s9999 xx 000 0 und d
020 |b 17000 
082 |a 630.715 
082 |b B300 
245 0 |a Bí quyết giúp nhà nông làm giàu 
260 |a Tp. HCM 
260 |b Thanh Niên 
260 |c 2003 
650 |a agricultural extension work,farm management,agriculture 
650 |x economic aspects 
904 |i Minh 
980 |a Trung tâm Học liệu Trường Đại học Cần Thơ